000 00977nam a2200265 a 4500
003 DO-SdBNP
005 20240305130443.0
007 ta
008 110329s1979 dr 000 0 spa d
040 _aDO-SdBNP
_bspa
_cBNPHU
_erda
082 _axxxx
_bI73i
_222
111 2 _aCongreso del Partido Comunista Dominicano
_n(3o. :
_d2009 mar. 16-18 :
_cSanto Domingo)
_954156
245 0 0 _aInforme del comité central saliente :
_bal segundo congreso del Partido Comunista Dominicano (PCD)
_cpresentado por Narciso Isa Conde.
260 _aSanto Domingo :
_bTaller,
_c1984.
264 1 _aSanto Domingo:
_bPCD,
_bTaller,
_c1979.
300 _a170 páginas
_b25 cm.
336 _2rdacontent
_atexto
_btxt
337 _2rdamedia
_asin mediación
_bn
338 _2rdacarrier
_avolumen
_bnc
590 _aInventariado, 2023/ YL
700 1 _aIsa Conde, Narciso,
_d1942-
_epresentador
_912387
710 _aPartido Comunista Dominicano (PCD)
_964442
910 _aYLockward
942 _2ddc
_cLBS1
999 _c54595
_d54595